First Then Last Blitz: Months of the Year Quiz Stats

 Plays Quiz not verified by Sporcle

Support Sporcle.
Go Orange.
Score 0/12 Timer 00:15
0 Plays Today
% Correct
???
100%
???
97.6%
???
94.9%
???
93.4%
???
89.4%
???
84.7%
???
77.8%
???
72.1%
???
60%
???
49.1%
???
37%
???
33.3%

You're not logged in!

Compare scores with friends on all Sporcle quizzes.
OR
Log In

From the Vault

6 to 1: World

by mg10

If you don't get them all, it's not the end of the world.
Remove Ads.
Support Sporcle.
Get the best of Sporcle when you Go Orange. This ad-free experience offers more features, more stats, and more fun while also helping to support Sporcle. Thank you for becoming a member.

Show Comments

Extras

Top Quizzes Today


Score Distribution

Your Account Isn't Verified!

In order to create a playlist on Sporcle, you need to verify the email address you used during registration. Go to your Sporcle Settings to finish the process.

Report this User

Report this user for behavior that violates our Community Guidelines.

Details: